[Event "Muenster op-A 39th"]
[Site "Muenster"]
[Date "2022.10.02"]
[Round "1"]
[White "Schuett, Norbert"]
[Black "Sandkamp, Ralph"]
[Result "0-1"]
[WhiteElo "1791"]
[BlackElo "2241"]
[PlyCount "72"]
[EventDate "2022.10.01"]
[EventType "swiss"]
[EventRounds "9"]
[EventCountry "GER"]
[SourceTitle "EXT 2023"]
[Source "ChessBase"]
[SourceDate "2022.10.05"]
[SourceVersion "1"]
[SourceVersionDate "2022.10.05"]
[SourceQuality "1"]

1. d4 Nf6 2. Bf4 g6 3. e3 Bg7 4. Nf3 0-0 5. Be2 d6 6. 0-0 Nbd7 7. c3 b6 8. Nbd2 Bb7 9. a4 a6 10. Qc2 Nh5 11. Bg5 h6 12. Bh4 f5 13. Ne1 Ndf6 14. f3 Qd7 15. c4 c5 16. d5 g5 17. Bf2 f4 18. Bd3 e6 19. e4 a5 20. Qb3 Qc7 21. Nc2 Nd7 22. Na3 Ne5 23. Nb5 Qd8 24. Bc2 Bc8 25. Rad1 exd5 26. exd5 g4 27. Be4 g3 28. Be1 Qh4 29. h3 Bxh3 30. gxh3 Qxh3 31. Rf2 gxf2+ 32. Bxf2 Ng3 33. Bxg3 fxg3 34. Nf1 Ng4 35. Qc2 Nf2 36. f4 Nxd1 0-1

[Event "Niedersachsen-ch op B"]
[Site "Verden"]
[Date "2018.01.05"]
[Round "3"]
[White "Rickling, Renee"]
[Black "Schuett, Norbert"]
[Result "1/2-1/2"]
[WhiteElo "1599"]
[BlackElo "1708"]
[PlyCount "102"]
[EventDate "2018.01.04"]
[EventType "swiss"]
[EventRounds "7"]
[EventCountry "GER"]
[SourceTitle "EXT 2022"]
[Source "ChessBase"]
[SourceDate "2021.10.06"]
[SourceVersion "1"]
[SourceVersionDate "2021.10.06"]
[SourceQuality "1"]

1. d4 d5 2. Nf3 Nf6 3. e3 e6 4. Bd3 Nbd7 5. Nbd2 c5 6. c3 Be7 7. Qe2 0-0 8. 0-0 b6 9. e4 dxe4 10. Nxe4 Bb7 11. Nxf6+ Nxf6 12. h3 Bxf3 13. Qxf3 cxd4 14. cxd4 Qxd4 15. Rd1 Qa4 16. b3 Qa5 17. Bb2 Rfd8 18. Qb7 Nd5 19. Qa6 Qxa6 20. Bxa6 Bf6 21. Bxf6 Nxf6 22. Rxd8+ Rxd8 23. Rc1 g6 24. Rc7 Rd7 25. Rc8+ Kg7 26. Rc1 Nd5 27. Bc4 Rc7 28. Rd1 Nc3 29. Rd2 b5 30. Bf1 b4 31. Bc4 Kf8 32. Rc2 Rd7 33. a3 Rd1+ 34. Kh2 a5 35. axb4 axb4 36. Kg3 Ne4+ 37. Kf3 Nc3 38. Ke3 Ke7 39. Rd2 Rxd2 40. Kxd2 Kd6 41. Kd3 f6 42. f3 Nd5 43. g3 Nb6 44. Kd4 f5 45. f4 Nd5 46. Bd3 Nb6 47. Bc4 h6 48. h4 Nd5 49. Bd3 Nb6 50. Bc4 Nd5 51. Bd3 Nb6 1/2-1/2

[Event "Niedersachsen-ch op B"]
[Site "Verden"]
[Date "2018.01.05"]
[Round "4"]
[White "Schuett, Norbert"]
[Black "Hoke, Adrian Neo"]
[Result "1-0"]
[WhiteElo "1708"]
[BlackElo "1595"]
[PlyCount "72"]
[EventDate "2018.01.04"]
[EventType "swiss"]
[EventRounds "7"]
[EventCountry "GER"]
[SourceTitle "EXT 2022"]
[Source "ChessBase"]
[SourceDate "2021.10.06"]
[SourceVersion "1"]
[SourceVersionDate "2021.10.06"]
[SourceQuality "1"]

1. d4 d5 2. Bf4 Bf5 3. e3 Nf6 4. Bd3 Bg6 5. Nf3 e6 6. 0-0 Bd6 7. Ne5 c5 8. c3 a6 9. Qa4+ Nbd7 10. Nxg6 c4 11. Be2 hxg6 12. Bxd6 Ne4 13. Bg3 f5 14. Qd1 Qg5 15. Nd2 Nxg3 16. hxg3 Qh6 17. f4 Qh2+ 18. Kf2 Rh3 19. Bf3 Qxg3+ 20. Ke2 Rh8 21. Qe1 Qxe1+ 22. Raxe1 b5 23. Rh1 Rf8 24. g4 Nb6 25. b3 cxb3 26. Nxb3 Na4 27. Kd2 Rc8 28. Rc1 Kd7 29. gxf5 gxf5 30. Rh7 Rf7 31. Bd1 Kd6 32. Na5 Nb2 33. Bb3 Rfc7 34. Rc2 Na4 35. Bxa4 bxa4 36. Rb2 Ke7 1-0

[Event "Niedersachsen-ch op B"]
[Site "Verden"]
[Date "2018.01.04"]
[Round "2"]
[White "Schuett, Norbert"]
[Black "Pfeifer, Frank"]
[Result "1/2-1/2"]
[WhiteElo "1708"]
[BlackElo "1479"]
[PlyCount "56"]
[EventDate "2018.01.04"]
[EventType "swiss"]
[EventRounds "7"]
[EventCountry "GER"]
[SourceTitle "EXT 2022"]
[Source "ChessBase"]
[SourceDate "2021.10.06"]
[SourceVersion "1"]
[SourceVersionDate "2021.10.06"]
[SourceQuality "1"]

1. d4 Nf6 2. Bf4 g6 3. Nc3 d6 4. e4 Nbd7 5. Nf3 c5 6. d5 Bg7 7. Be2 Qb6 8. Rb1 Nxe4 9. Nxe4 Qb4+ 10. Qd2 Qxe4 11. 0-0 Nf6 12. c4 Nh5 13. Be3 Bf5 14. Ng5 Qc2 15. Qxc2 Bxc2 16. Rbc1 Ba4 17. b3 Bd7 18. Bxh5 gxh5 19. Rfe1 h6 20. Ne4 0-0-0 21. Bf4 h4 22. Nd2 Rde8 23. h3 Rhg8 24. Kf1 Bf5 25. Nf3 Bd3+ 26. Kg1 Bf5 27. Kf1 Bd3+ 28. Kg1 Bf5 1/2-1/2